LEADER 01555cam a22002174a 4500
020 |a 9788178299358 
082 0 0 |a 302.23  |b P92 
100 1 |a Ramaswami Harindranath  |9 26209 
245 1 0 |a Audience-citizens:  |b the media, public knowledge and interpretive practice/  |c Ramaswami Harindranath. 
260 |a Los Angeles:  |b Sage Publications,  |c 2009. 
300 |a 271p.  
504 |a Includes bibliographical references (p. [255]-267) and index. 
505 0 |a Introduction : media audiences, public knowledge and democracy -- Audiences and socio-cultural contexts -- Understanding 'understanding' : the hermeneutics of audience reception -- Exploring 'context' -- Documentary meanings and public knowledge -- Methodological reflections on 'cross-cultural' audience research -- Non-fiction and audience evaluations -- Ethnicity, multiculturalism and interpretive practice -- Making connections : media audiences and cultural citizenship -- Concluding comments. 
650 0 |a Mass media- Political aspects- India.  |9 26210 
650 0 |a Mass media- Social aspects- India.  |9 26204 
650 0 |a Democracy- India.  |9 26627 
650 0 |a India- Politics and government.  |9 26628 
856 |u https://books.google.co.in/books?id=84qHAwAAQBAJ&pg=PP1&dq=Audience-citizens:&hl=en&sa=X&ved=0ahUKEwj1jduMrNHKAhVBHI4KHf5TBRIQ6AEIHDAA#v=onepage&q=Audience-citizens%3A&f=false 
942 |c BK 
999 |c 64146  |d 64146 
952 |0 0  |1 0  |4 0  |6 302_230000000000000_P92  |7 0  |9 56045  |a MGUL  |b MGUL  |c GEN  |d 2014-12-03  |e Mathrubhumi books Inv No 275 dated 15.11.2014  |g 550.00  |l 0  |o 302.23 P92  |p 52245  |r 2015-04-25  |y BK